| 000 | 00742nab a22002297a 4500 | ||
|---|---|---|---|
| 003 | OSt | ||
| 005 | 20250402092532.0 | ||
| 008 | 250327t1993 |||||||| |||| 00| 0 eng d | ||
| 022 | _a0115-0839 | ||
| 040 | _cJMCFI - Learning Resource Center | ||
| 082 | _aPer. 613.'051 H434 1993 | ||
| 100 |
_aJain, D. C _923770 |
||
| 245 |
_aBases for vegetarianism / _cD. C. Jain. |
||
| 260 |
_aManila : _bPhilippine Publishing House, _c1993. |
||
| 650 |
_aVegetarianism. _912981 |
||
| 650 |
_aDiet. _95476 |
||
| 650 |
_aHealth. _93920 |
||
| 650 |
_aNutrition. _92019 |
||
| 650 |
_aFood habits. _921694 |
||
| 773 |
_g, volume 34, number 5 (September-October 1993) pages 38-39. _tHealth & Home : The National Journal of Better Living |
||
| 942 |
_cPER. _n0 _2lcc |
||
| 999 |
_c6904 _d6904 |
||